[Event "Las Canas op"]
[Site "Las Canas"]
[Date "2023.02.18"]
[Round "3"]
[White "Dos Santos, Gustavo Jonathan"]
[Black "Martinelli, Raul"]
[Result "0-1"]
[WhiteElo "1661"]
[BlackElo "1600"]
[PlyCount "68"]
[EventDate "2023.02.18"]
[EventType "swiss"]
[EventRounds "5"]
[EventCountry "URU"]
[SourceTitle "CBM 213 Extra"]
[Source "ChessBase"]
[SourceDate "2023.05.31"]
[SourceVersion "1"]
[SourceVersionDate "2023.05.31"]
[SourceQuality "1"]

1. d4 d5 2. c4 c6 3. Nc3 Nf6 4. Bg5 e6 5. e3 Be7 6. Nf3 a6 7. h3 h6 8. Bxf6 Bxf6 9. cxd5 exd5 10. Bd3 0-0 11. 0-0 Be6 12. Rc1 Qd7 13. e4 dxe4 14. Nxe4 Bxd4 15. Nxd4 Qxd4 16. Nc5 Qxb2 17. Nxe6 fxe6 18. Rb1 Qxa2 19. Rxb7 Qd5 20. Qg4 Qg5 21. Qxe6+ Kh8 22. Qe4 g6 23. Qxg6 Qxg6 24. Bxg6 a5 25. Re1 Na6 26. Ree7 Rf6 27. Rh7+ Kg8 28. Rxh6 Raf8 29. Rhh7 Rxg6 30. Rh4 Nc5 31. Rbh7 Ne6 32. Ra7 Rf5 33. Rc4 Nf4 34. Kh2 Rxg2+ 0-1

[Event "Montevideo Duchamp Cup 6th"]
[Site "Montevideo"]
[Date "2023.02.03"]
[Round "1"]
[White "Martinelli, Raul"]
[Black "Carvalho, Guillermo"]
[Result "0-1"]
[WhiteElo "1600"]
[BlackElo "2130"]
[PlyCount "44"]
[EventDate "2023.02.03"]
[EventType "swiss"]
[EventRounds "9"]
[EventCountry "URU"]
[SourceTitle "CBM 212 Extra"]
[Source "ChessBase"]
[SourceDate "2023.03.31"]
[SourceVersion "1"]
[SourceVersionDate "2023.03.31"]
[SourceQuality "1"]

1. d4 d5 2. Bf4 e6 3. e3 Nf6 4. Nd2 Bd6 5. Bg3 c5 6. c3 Nc6 7. Bb5 Qe7 8. Ngf3 0-0 9. Bxc6 bxc6 10. Ne5 Bxe5 11. Bxe5 Nd7 12. Bg3 Ba6 13. Nf3 f6 14. Qc2 Rfc8 15. Bh4 cxd4 16. exd4 Qf7 17. Bg3 c5 18. Qa4 Bd3 19. Rd1 Nb6 20. Qb3 Qg6 21. Kd2 Nc4+ 22. Kc1 Qh6+ 0-1

[Event "Entre Rios Galmarello Cup 3rd"]
[Site "Entre Rios"]
[Date "2022.11.04"]
[Round "1"]
[White "Ulaneo, Nicolas"]
[Black "Martinelli, Raul"]
[Result "1-0"]
[WhiteElo "2187"]
[BlackElo "1592"]
[PlyCount "99"]
[EventDate "2022.11.04"]
[EventType "swiss"]
[EventRounds "6"]
[EventCountry "ARG"]
[SourceTitle "EXT 2024"]
[Source "ChessBase"]
[SourceDate "2023.10.10"]
[SourceVersion "1"]
[SourceVersionDate "2023.10.10"]
[SourceQuality "1"]

1. e4 c6 2. Nc3 d5 3. Nf3 dxe4 4. Nxe4 Nf6 5. Qe2 Nxe4 6. Qxe4 e6 7. d4 Bd6 8. Bd3 Nd7 9. 0-0 Nf6 10. Qh4 h6 11. Re1 Nd5 12. Qe4 Nf6 13. Qe2 0-0 14. Ne5 c5 15. dxc5 Bxc5 16. Bf4 Qd4 17. Qf3 Nd5 18. Bd2 Nf6 19. Bc3 Qd8 20. Rad1 Qe7 21. Bc4 Bb4 22. Re3 Bxc3 23. Rxc3 Rb8 24. Qe3 Ra8 25. Qd4 Nd5 26. Rh3 Qf6 27. Ng4 Qxd4 28. Rxd4 Kh8 29. Ne5 Nf6 30. Bb3 b6 31. Rc3 Nd5 32. Bxd5 exd5 33. Rxd5 Be6 34. Rd4 Rfd8 35. Rxd8+ Rxd8 36. Kf1 Rd4 37. b4 Kg8 38. Rd3 Rh4 39. h3 Re4 40. Re3 Rd4 41. Ke2 Bf5 42. c3 Rd6 43. Nf3 Bb1 44. a3 Bc2 45. Nd4 Bg6 46. Re8+ Kh7 47. Re7 a5 48. f4 Rf6 49. Ke3 h5 50. h4 1-0

[Event "Rio Negro Litoral op"]
[Site "Rio Negro"]
[Date "2022.08.06"]
[Round "2"]
[White "Martinelli, Raul"]
[Black "Garcia Martinez, Alvaro"]
[Result "0-1"]
[WhiteElo "1711"]
[BlackElo "2016"]
[PlyCount "48"]
[EventDate "2022.08.06"]
[EventType "swiss"]
[EventRounds "5"]
[EventCountry "URU"]
[SourceTitle "EXT 2023"]
[Source "ChessBase"]
[SourceDate "2022.10.05"]
[SourceVersion "1"]
[SourceVersionDate "2022.10.05"]
[SourceQuality "1"]

1. d4 d5 2. Bf4 Nf6 3. e3 c5 4. c3 Qb6 5. Qb3 Nc6 6. Nd2 Bf5 7. dxc5 Qxb3 8. Nxb3 e5 9. Bg3 Nd7 10. 0-0-0 Be6 11. Bb5 Rc8 12. Nf3 f6 13. h3 a6 14. Be2 Nxc5 15. Nxc5 Bxc5 16. Kb1 0-0 17. Rd2 Ne7 18. Nh2 Rfd8 19. Rhd1 Kf7 20. a3 Nf5 21. Nf1 Nd6 22. f3 Bb6 23. e4 d4 24. Bf2 Bb3 0-1

[Event "URU-ch sf"]
[Site "Montevideo"]
[Date "2022.02.28"]
[Round "5"]
[White "Vassallo, Mariano"]
[Black "Martinelli, Raul"]
[Result "1-0"]
[WhiteElo "1581"]
[BlackElo "1729"]
[PlyCount "63"]
[EventDate "2022.02.26"]
[EventType "swiss"]
[EventRounds "7"]
[EventCountry "URU"]
[SourceTitle "CBM 207 Extra"]
[Source "ChessBase"]
[SourceDate "2022.05.31"]
[SourceVersion "1"]
[SourceVersionDate "2022.05.31"]
[SourceQuality "1"]

1. e4 e6 2. d4 d5 3. Nd2 dxe4 4. Nxe4 Bd7 5. Nf3 Bc6 6. Bd3 Nd7 7. 0-0 Bxe4 8. Bxe4 c6 9. c3 Ngf6 10. Bc2 Be7 11. Re1 0-0 12. Qe2 Re8 13. Ne5 Nf8 14. h4 N6d7 15. h5 Nxe5 16. Qxe5 Bd6 17. Qe4 f5 18. Qf3 g5 19. hxg6 hxg6 20. Bb3 a5 21. a3 Qf6 22. Bf4 Rad8 23. Bxd6 Rxd6 24. Re3 Kg7 25. Qf4 Rd7 26. Rh3 g5 27. Qh2 Kg8 28. Rh6 Qg7 29. Re1 Rde7 30. Re5 Rf7 31. Qh5 g4 32. Bxe6 1-0

[Event "URU-ch sf"]
[Site "Montevideo"]
[Date "2022.02.27"]
[Round "3"]
[White "Castro, Cesar"]
[Black "Martinelli, Raul"]
[Result "1/2-1/2"]
[WhiteElo "2097"]
[BlackElo "1729"]
[PlyCount "106"]
[EventDate "2022.02.26"]
[EventType "swiss"]
[EventRounds "7"]
[EventCountry "URU"]
[SourceTitle "CBM 207 Extra"]
[Source "ChessBase"]
[SourceDate "2022.05.31"]
[SourceVersion "1"]
[SourceVersionDate "2022.05.31"]
[SourceQuality "1"]

1. e4 e6 2. d4 d5 3. Nd2 dxe4 4. Nxe4 Bd7 5. Nf3 Bc6 6. Bd3 Nd7 7. 0-0 Bxe4 8. Bxe4 c6 9. c3 Ngf6 10. Bc2 Be7 11. Re1 0-0 12. Qe2 Re8 13. Ne5 Nf8 14. Qf3 a5 15. Bg5 N8d7 16. Rad1 Nxe5 17. dxe5 Nd5 18. Bxe7 Qxe7 19. Qe4 g6 20. h4 h5 21. Rd3 Qc7 22. Rg3 Ne7 23. Qf3 Nf5 24. Bxf5 exf5 25. Qxh5 Re6 26. Qxf5 Rae8 27. f4 Qb6+ 28. Kh2 Qf2 29. Qe4 Rf6 30. Qe3 Rxf4 31. Qxf2 Rxf2 32. h5 Kg7 33. hxg6 fxg6 34. Rd3 Re7 35. b3 Rxa2 36. Re4 Rf2 37. Kg3 Rf5 38. Rde3 b5 39. Kh4 Rh5+ 40. Kg4 Rf5 41. g3 a4 42. bxa4 bxa4 43. Rxa4 Rfxe5 44. Rxe5 Rxe5 45. Rc4 c5 46. Kf4 Kf6 47. g4 g5+ 48. Kf3 Ke6 49. Re4 Kd5 50. c4+ Ke6 51. Rxe5+ Kxe5 52. Ke3 Kd6 53. Ke4 Ke6 1/2-1/2

[Event "URU-chTA"]
[Site "Montevideo"]
[Date "2021.10.03"]
[Round "5.1"]
[White "Moreno, Diego"]
[Black "Martinelli, Raul"]
[Result "1/2-1/2"]
[WhiteElo "1630"]
[BlackElo "1725"]
[PlyCount "138"]
[EventDate "2021.10.01"]
[EventType "team-swiss"]
[EventRounds "5"]
[EventCountry "URU"]
[SourceTitle "EXT 2023"]
[Source "ChessBase"]
[SourceDate "2022.10.05"]
[SourceVersion "1"]
[SourceVersionDate "2022.10.05"]
[SourceQuality "1"]
[WhiteTeam "Banco Republica II"]
[BlackTeam "Cerro Nau64"]
[WhiteTeamCountry "URU"]
[BlackTeamCountry "URU"]

1. e4 e6 2. d4 d5 3. Nd2 dxe4 4. Nxe4 Bd7 5. Nf3 Bc6 6. Bd3 Nd7 7. 0-0 Bxe4 8. Bxe4 c6 9. c3 Ngf6 10. Bc2 Be7 11. Qd3 0-0 12. Ng5 h6 13. f4 Re8 14. Kh1 Nf8 15. Nf3 c5 16. Be3 cxd4 17. Nxd4 a6 18. Rad1 Qc7 19. Nb3 Rad8 20. Bd4 Nd5 21. Qf3 Bf6 22. Be4 Nh7 23. Qd3 Nf8 24. Qg3 Bxd4 25. Rxd4 Nf6 26. Qf3 Nxe4 27. Qxe4 Rxd4 28. Nxd4 Qc4 29. Re1 b5 30. Qc6 Qxc6 31. Nxc6 Ng6 32. g3 Rc8 33. Nd4 Rd8 34. Kg2 b4 35. Kf3 bxc3 36. bxc3 Rc8 37. Rc1 Ne7 38. c4 Kf8 39. Ke4 Nc6 40. Nxc6 Rxc6 41. c5 Ke7 42. Kd4 Kd7 43. Rc4 f6 44. Rb4 Kc7 45. a4 a5 46. Rb5 Ra6 47. Ke4 Kc6 48. g4 g5 49. fxg5 hxg5 50. Kd4 Kc7 51. Rb1 Ra8 52. Rb6 Rb8 53. Rxe6 Rb4+ 54. Kd5 Rxg4 55. Rxf6 Rxa4 56. Rf7+ Kc8 57. Kd6 Rf4 58. Ra7 Rf6+ 59. Kd5 Rf5+ 60. Kd6 Rf6+ 61. Ke5 Rh6 62. Rxa5 Rxh2 63. Kd6 Rh6+ 64. Ke5 g4 65. Ra4 Rh5+ 66. Kd6 Rh6+ 67. Ke5 Rh5+ 68. Kd6 Rh6+ 69. Ke7 Rc6 1/2-1/2

[Event "URU-chTA"]
[Site "Montevideo"]
[Date "2021.10.02"]
[Round "2.1"]
[White "Hoffman, Alejandro"]
[Black "Martinelli, Raul"]
[Result "1-0"]
[WhiteElo "2438"]
[BlackElo "1725"]
[PlyCount "61"]
[EventDate "2021.10.01"]
[EventType "team-swiss"]
[EventRounds "5"]
[EventCountry "URU"]
[SourceTitle "EXT 2023"]
[Source "ChessBase"]
[SourceDate "2022.10.05"]
[SourceVersion "1"]
[SourceVersionDate "2022.10.05"]
[SourceQuality "1"]
[WhiteTeam "Banco Republica"]
[BlackTeam "Cerro Nau64"]
[WhiteTeamCountry "URU"]
[BlackTeamCountry "URU"]

1. d4 d5 2. c4 c6 3. Nc3 Nf6 4. e3 e6 5. Nf3 Bd6 6. Qc2 Nbd7 7. Bd2 Qe7 8. 0-0-0 b6 9. e4 dxe4 10. Nxe4 Nxe4 11. Qxe4 Bb7 12. Bd3 h6 13. Rhe1 0-0-0 14. Bc3 Bb4 15. Bxb4 Qxb4 16. Qf4 Qe7 17. h4 Qf6 18. Qg3 c5 19. Be4 cxd4 20. Nxd4 a6 21. Bxb7+ Kxb7 22. f4 Nb8 23. Nf3 Nc6 24. Ne5 Nxe5 25. fxe5 Qg6 26. Qxg6 fxg6 27. Re4 Rxd1+ 28. Kxd1 Rd8+ 29. Ke2 h5 30. Rf4 Rd7 31. Ke3 1-0

[Event "Nueva Helvecia Colonia Cup"]
[Site "Nueva Helvecia"]
[Date "2019.09.29"]
[Round "4"]
[White "Martinelli, Raul"]
[Black "Viera, Oscar"]
[Result "0-1"]
[WhiteElo "1826"]
[BlackElo "1936"]
[PlyCount "96"]
[EventDate "2019.09.28"]
[EventType "swiss"]
[EventRounds "5"]
[EventCountry "URU"]
[SourceTitle "EXT 2020"]
[Source "ChessBase"]
[SourceDate "2019.10.17"]
[SourceVersion "1"]
[SourceVersionDate "2019.10.17"]
[SourceQuality "1"]

1. d4 d5 2. Nf3 Nf6 3. Bf4 e6 4. c3 Bd6 5. Bg3 0-0 6. e3 b6 7. Bd3 Ba6 8. Qe2 Bxd3 9. Qxd3 c5 10. Nbd2 c4 11. Qc2 b5 12. e4 Nh5 13. e5 Be7 14. 0-0 Nc6 15. a3 a5 16. b4 cxb3 17. Qxb3 Nxg3 18. fxg3 Qb6 19. Kh1 Rab8 20. Rab1 b4 21. a4 Qa7 22. Qb2 Rfc8 23. Rfc1 bxc3 24. Qxc3 Bb4 25. Qd3 Bxd2 26. Qxd2 Rxb1 27. Rxb1 Nb4 28. Rc1 Qa6 29. h3 Kf8 30. Kh2 Rxc1 31. Qxc1 Qc4 32. Qb1 Qc2 33. Qxc2 Nxc2 34. Kg1 f6 35. exf6 gxf6 36. Kf2 Ke7 37. Ke2 Kd6 38. Kd2 Nb4 39. Kc3 e5 40. Nd2 Nc6 41. Nb3 exd4+ 42. Nxd4 Nxd4 43. Kxd4 h5 44. g4 h4 45. Ke3 Ke5 46. Kd3 d4 47. Ke2 Ke4 48. Kd2 d3 0-1

[Event "URU-chT"]
[Site "Paysandu"]
[Date "2012.08.04"]
[Round "3.3"]
[White "Martinelli, Raul"]
[Black "Solari, Pablo"]
[Result "0-1"]
[WhiteElo "1632"]
[BlackElo "1659"]
[PlyCount "166"]
[EventDate "2012.08.03"]
[EventType "team-swiss"]
[EventRounds "5"]
[EventCountry "URU"]
[SourceTitle "CBM 149 Extra"]
[Source "ChessBase"]
[SourceDate "2012.08.24"]
[SourceVersion "1"]
[SourceVersionDate "2012.08.24"]
[SourceQuality "1"]

1. e4 e5 2. Nf3 Nf6 3. d3 Nc6 4. Nc3 Bc5 5. Bg5 h6 6. Bh4 g5 7. Bg3 d6 8. Na4 Bb4+ 9. Nc3 a6 10. Be2 Nd4 11. a3 Nxe2 12. Qxe2 Bc5 13. h3 Be6 14. Na4 Ba7 15. Nc3 Qd7 16. 0-0-0 0-0-0 17. Kb1 g4 18. hxg4 Bxg4 19. Qd2 Nh5 20. Rdf1 Nxg3 21. fxg3 h5 22. Nd5 c6 23. Nf6 Qe7 24. Nxg4 hxg4 25. Nh4 Rdg8 26. Nf5 Qe6 27. Qe2 Rxh1 28. Rxh1 d5 29. Rh4 Kd7 30. Rxg4 Rg6 31. b3 Bc5 32. Kb2 Bd4+ 33. c3 Bb6 34. Rh4 Qf6 35. Rh1 Bc7 36. Rf1 Qg5 37. Qf2 b6 38. Nh4 Rg7 39. Qf5+ Qxf5 40. Nxf5 Rg6 41. Rf3 Ke6 42. Rf1 Bd8 43. Rh1 Bf6 44. Kc2 Be7 45. Rf1 Rg4 46. Re1 a5 47. a4 dxe4 48. dxe4 Bc5 49. Re2 Bg1 50. Kd3 Bc5 51. Rd2 Be7 52. Re2 Bc5 53. Kd2 Rg8 54. Ke1 Rh8 55. Kd2 Rh1 56. Re1 Rh2 57. Nh4 Be7 58. Re2 Bxh4 59. gxh4 Rxh4 60. Kd3 Rg4 61. b4 f5 62. exf5+ Kxf5 63. Rf2+ Ke6 64. Rb2 Kd5 65. bxa5 bxa5 66. Re2 Rxa4 67. g3 Rg4 68. Rg2 c5 69. Ke3 e4 70. Rg1 Kc4 71. Kf2 Kxc3 72. Rc1+ Kb4 73. Rb1+ Kc4 74. Rc1+ Kb5 75. Rb1+ Ka6 76. Rc1 c4 77. Ke3 Rxg3+ 78. Kxe4 Kb5 79. Kd4 Rd3+ 80. Ke4 a4 81. Rb1+ Kc5 82. Ra1 a3 83. Ra2 Kb4 0-1

[Event "URU-chT"]
[Site "Paysandu"]
[Date "2012.08.03"]
[Round "1.3"]
[White "Martinelli, Raul"]
[Black "Nunez de la Rosa, Maximiliano"]
[Result "1-0"]
[WhiteElo "1632"]
[BlackElo "2184"]
[PlyCount "85"]
[EventDate "2012.08.03"]
[EventType "team-swiss"]
[EventRounds "5"]
[EventCountry "URU"]
[SourceTitle "CBM 149 Extra"]
[Source "ChessBase"]
[SourceDate "2012.08.24"]
[SourceVersion "1"]
[SourceVersionDate "2012.08.24"]
[SourceQuality "1"]

1. e4 e6 2. d4 d5 3. exd5 exd5 4. Nf3 Bg4 5. Be2 Bd6 6. c3 Ne7 7. h3 Bh5 8. Bg5 f6 9. Be3 0-0 10. Qc2 Qd7 11. Nbd2 Nf5 12. Bd3 Nxe3 13. fxe3 Bg3+ 14. Kd1 f5 15. Nf1 Bd6 16. N1d2 h6 17. Nb3 b6 18. Kd2 c5 19. Be2 Qe6 20. Ng5 hxg5 21. Bxh5 f4 22. Raf1 Qxe3+ 23. Kd1 Nd7 24. Re1 Qg3 25. Bf3 Nf6 26. Re6 Rad8 27. Rhe1 g4 28. hxg4 Rf7 29. Rxf6 Rxf6 30. Bxd5+ Kh8 31. Rh1+ Rh6 32. Rxh6+ gxh6 33. Qg6 Qh4 34. Be4 Qe7 35. Qxh6+ Kg8 36. Qg6+ Qg7 37. Bd5+ Kf8 38. Qf5+ Ke8 39. Qe6+ Be7 40. Qf5 Rd6 41. Qc8+ Bd8 42. Qf5 Qg5 43. Qf7# 1-0